| 000 | 003800000a22001210004500 | ||
|---|---|---|---|
| 041 | 0 | _aInglés | |
| 082 | 0 | 4 | _aCS 020 |
| 110 | 1 | _aEducar Cultural y Recreativa | |
| 245 | 1 | 0 | _aInglés con muzzy Nº 11 / Educar Cultural y Recreativa |
| 505 | 0 | 0 | _aAudio casete Nº 11 es complemento y hace parte integral de la unidad 22 del manual 11 del curso de Inglés |
| 001 | 1151 | ||
| 942 | _cLGB | ||
| 999 |
_c48325 _d48325 |
||